| 000 | 01351ncm0a2200361 4500 | ||
|---|---|---|---|
| 001 | RU\NLR\ONIZ\198528 | ||
| 005 | 20250624194831.0 | ||
| 010 | _a5-9252-0320-8 | ||
| 021 |
_aRU _b02-344 _902-14 |
||
| 035 | _a(NLR Aleph) 010889131 | ||
| 090 |
_a10542454 _c10542454 |
||
| 100 | _a20140610d2002 |||y0rusy50 ca | ||
| 101 | 0 | _arus | |
| 102 | _aRU | ||
| 125 | _azx | ||
| 145 | 0 | _au | |
| 200 | 1 |
_aМузыкальное искусство _bНоты _eучеб. для 2-го кл. четырёхлет. нач. шк. _fВ. О. Усачёва, Л. В. Школяр |
|
| 210 |
_aМосква _cВентана-Граф _d2002 |
||
| 215 |
_a126 с. _cцв. ил., фото _d22 см |
||
| 686 |
_aЩ98я71(2Р=Р) _vLBC/SL _2rubbk |
||
| 700 | 1 |
_9z03790 _aУсачёва _bВ. О. _f1955- _gВалерия Олеговна _4220 |
|
| 702 | 1 |
_9z02790 _aШколяр _bЛ. В. _f1946- _gЛюдмила Валентиновна _4070 |
|
| 790 | 1 |
_9z02702 _aShkolyar _bL. V. _f1946- _gLyudmila Valentinovna _4070 |
|
| 790 | 1 |
_9z03700 _aUsačjova _bV. O. _f1955- _gValerija Olegovna _4220 _7ba |
|
| 801 | 0 |
_aRU _bNLR _c20140610 _gPSBO |
|
| 801 | 1 |
_aRU _bNLR _c20140610 _2rusmarc |
|
| 801 | 2 |
_aRU _bNLR _c20190630 |
|
| 852 |
_aNLR _bМ _j3/10521(2) _pМОЭ 2002-14/344 _t1 |
||
| 852 |
_aNLR _bМ _j3/10521(2)а _p258905 _t2 |
||
| 942 | _cSCORE | ||
| 980 | _aNB | ||
| 980 | _aONIZ | ||